Eastern Utah Libraries Catalog: Duchesne, Heber, Roosevelt, & Vernal

Press start! (Record no. 397956)

MARC details
000 -LEADER
fixed length control field 02697cam a22006378i 4500
001 - CONTROL NUMBER
control field 1224299767
005 - DATE AND TIME OF LATEST TRANSACTION
control field 20240626140712.0
008 - FIXED-LENGTH DATA ELEMENTS--GENERAL INFORMATION
fixed length control field 210203t20212021nyua b 000 1 eng
010 ## - LIBRARY OF CONGRESS CONTROL NUMBER
LC control number 2021002901
020 ## - INTERNATIONAL STANDARD BOOK NUMBER
International Standard Book Number 9781338569025
Qualifying information (paperback)
020 ## - INTERNATIONAL STANDARD BOOK NUMBER
International Standard Book Number 1338569023
Qualifying information (paperback)
020 ## - INTERNATIONAL STANDARD BOOK NUMBER
International Standard Book Number 9781338569032
Qualifying information (library binding)
020 ## - INTERNATIONAL STANDARD BOOK NUMBER
International Standard Book Number 1338569031
Qualifying information (library binding)
020 ## - INTERNATIONAL STANDARD BOOK NUMBER
Cancelled/invalid ISBN 9781338569049
Qualifying information (ebook)
035 ## - SYSTEM CONTROL NUMBER
System control number (OCoLC)1224299767
Canceled/invalid control number (OCoLC)1224299928
035 ## - SYSTEM CONTROL NUMBER
System control number 2304696
035 ## - SYSTEM CONTROL NUMBER
System control number (OCoLC)on1224299767
040 ## - CATALOGING SOURCE
Original cataloging agency NJQ/DLC
Language of cataloging eng
Description conventions rda
Transcribing agency DLC
Modifying agency OCLCO
-- OCLCF
-- XY4
-- CLE
-- GO6
-- UAP
-- TCH
-- EHH
-- OCL
-- OCLCO
-- DPL
042 ## - AUTHENTICATION CODE
Authentication code lcac
-- pcc
050 00 - LIBRARY OF CONGRESS CALL NUMBER
Classification number PZ7.1.F585
Item number Sm 2021
082 04 - DEWEY DECIMAL CLASSIFICATION NUMBER
Classification number [Fic]
Edition number 23
092 ## - LOCALLY ASSIGNED DEWEY CALL NUMBER (OCLC)
Classification number junior graphic
Item number Flintham
100 1# - MAIN ENTRY--PERSONAL NAME
Personal name Flintham, Thomas,
Relator term author,
-- illustrator.
9 (RLIN) 5809839
245 10 - TITLE STATEMENT
Title Press start!
Number of part/section of a work 11,
Name of part/section of a work Super cheat codes and secret modes! /
Statement of responsibility, etc Thomas Flintham.
246 30 - VARYING FORM OF TITLE
Title proper/short title Super cheat codes and secret modes!
246 3# - VARYING FORM OF TITLE
Title proper/short title Press start! Super cheat codes and secret modes!
250 ## - EDITION STATEMENT
Edition statement First edition.
264 #1 - Production, Publication, Distribution, Manufacture, and Copyright Notice.
Place of production, publication, distribution, manufacture New York :
Name of producer, publisher, distributor, manufacturer Branches/Scholastic Inc,
Date of production, publication, distribution, manufacture, or copyr 2021.
264 #4 - Production, Publication, Distribution, Manufacture, and Copyright Notice.
Date of production, publication, distribution, manufacture, or copyr ©2021.
300 ## - PHYSICAL DESCRIPTION
Extent 71 pages :
Other physical details color illustrations ;
Dimensions 20 cm.
336 ## - Content Type
Content type term text
336 ## - Content Type
Content type term still image
337 ## - Media type
Media type term unmediated
338 ## - Carrier type
Carrier type term volume
490 ## - SERIES STATEMENT
Series statement Press start! ;
Volume number/sequential designation 11.
520 ## - SUMMARY, ETC.
Summary, etc A set of cheat codes unlocks a new story in the original Super Rabbit Boy game, and Super Rabbit Boy finds himself surrounded by King Vulture's mega robots while his friends are in danger--and he needs to save the day with a little help from Sunny and the secret modes.
521 ## - TARGET AUDIENCE NOTE
Target audience note Ages 5-7.
Source Scholastic Inc.
521 ## - TARGET AUDIENCE NOTE
Target audience note Grades K-1.
Source Scholastic Inc.
650 #0 - SUBJECT ADDED ENTRY--TOPICAL TERM
Topical term or geographic name as entry element Superheroes
Form subdivision Juvenile fiction.
650 #0 - SUBJECT ADDED ENTRY--TOPICAL TERM
Topical term or geographic name as entry element Supervillains
Form subdivision Juvenile fiction.
650 #0 - SUBJECT ADDED ENTRY--TOPICAL TERM
Topical term or geographic name as entry element Animals
Form subdivision Juvenile fiction.
9 (RLIN) 5678723
650 #0 - SUBJECT ADDED ENTRY--TOPICAL TERM
Topical term or geographic name as entry element Robots
Form subdivision Juvenile fiction.
9 (RLIN) 5680206
650 #0 - SUBJECT ADDED ENTRY--TOPICAL TERM
Topical term or geographic name as entry element Video games
Form subdivision Juvenile fiction.
9 (RLIN) 5680213
650 #1 - SUBJECT ADDED ENTRY--TOPICAL TERM
Topical term or geographic name as entry element Superheroes
Form subdivision Fiction.
9 (RLIN) 5673961
650 #1 - SUBJECT ADDED ENTRY--TOPICAL TERM
Topical term or geographic name as entry element Supervillains
Form subdivision Fiction.
9 (RLIN) 5673960
650 #1 - SUBJECT ADDED ENTRY--TOPICAL TERM
Topical term or geographic name as entry element Animals
Form subdivision Fiction.
9 (RLIN) 5678722
650 #1 - SUBJECT ADDED ENTRY--TOPICAL TERM
Topical term or geographic name as entry element Robots
Form subdivision Fiction.
9 (RLIN) 5680224
650 #1 - SUBJECT ADDED ENTRY--TOPICAL TERM
Topical term or geographic name as entry element Video games
Form subdivision Fiction.
9 (RLIN) 5684848
655 #7 - INDEX TERM--GENRE/FORM
Genre/form data or focus term Superhero fiction.
Source of term lcgft.
655 #7 - INDEX TERM--GENRE/FORM
Genre/form data or focus term Animal fiction.
Source of term lcgft.
9 (RLIN) 5748285
655 #7 - INDEX TERM--GENRE/FORM
Genre/form data or focus term Action and adventure fiction.
Source of term lcgft.
655 #7 - INDEX TERM--GENRE/FORM
Genre/form data or focus term Fantasy fiction.
Source of term lcgft.
776 08 - ADDITIONAL PHYSICAL FORM ENTRY
Display text Online version:
Main entry heading Flintham, Tom.
Title Super cheat codes and secret modes!
Edition First edition.
Place, publisher, and date of publication New York : Branches/Scholastic Inc, 2021
International Standard Book Number 9781338569049
Record control number (DLC) 2021002902.
830 #0 - SERIES ADDED ENTRY--UNIFORM TITLE
Uniform title Branches (Scholastic Inc.)
9 (RLIN) 5728641
942 ## - ADDED ENTRY ELEMENTS (KOHA)
Source of classification or shelving scheme Dewey Decimal Classification
Koha item type BOOK
Holdings
Withdrawn status Lost status Source of classification or shelving scheme Damaged status Not for loan Collection code Home library Current library Shelving location Date acquired Source of acquisition Serial Enumeration / chronology Total Checkouts Total Renewals Full call number Barcode Date last seen Date checked out Cost, replacement price Price effective from Koha item type
    Dewey Decimal Classification     Junior Graphic Novels Wasatch County Library Wasatch County Library First Floor 06/26/2024 Rainbow Books #11 Press Start 10 8 J GN Flintham 34301002121749 03/03/2026 12/22/2025 14.95 06/26/2024 BOOK
This project was made possible through a grant from the Institute of Museum and Library Service administered by the Utah State Library Division.

Wasatch County Library

  • 465 East 1200 South, Heber City, Utah 84032
  • Phone 435-654-1511 | Fax 435-654-6456

Hours

  • Monday - Friday 9:30 AM - 8:00 PM
  • Saturday 9:30 AM - 1:30 PM
  • Closed Sundays and Holidays